000 03104cam a22004454i 4500
003 PE-LiUPU
005 20250731165416.0
008 151202s2012 pe grm 000 0 spa d
035 _a(Sirsi) a155388
040 _aPE-LiUPU
_bspa
_cPE-LiUPU
_erda
099 _aSP 3
_bR34 2012
100 1 _aRedondo Meza, Yulys Carolina,
_eautor
245 1 _aAspectos epidemiológicos relacionados con el tipo de lactancias materna en niños que asisten a la unidad básica de atención Bosque, Cartagena, Colombia, 2011 /
_cYulys Carolina Redondo Meza.
264 0 _c2012.
300 _a57 hojas
_c30 cm
336 _atext
_2rdacontent
337 _aunmediated
_2rdamedia
338 _avolume
_2rdacarrier
502 _aTesis
_b(Mg.) --
_cUniversidad Peruana Unión,
_d2012.
504 _aIncluye referencias
520 3 _aLa superioridad de la lactancia materna frente a la lactancia artificial es indiscutible y la evidencia científica así lo pone de manifiesto. La lactancia materna es un factor positivo de salud para la madre y para el niño. Sin embargo, es importante conocer cuáles son los factores epidemiológicos que incide con mayor frecuencia en la decisión de dar o no lactancia materna exclusiva. Determinar qué factores epidemiológicos se hallan presentes con mayor frecuencia en la lactancia materna. Estudio descriptivo, transversal y retrospectivo. Población estudiada: madres con hijos cuya lactancia exclusiva fue hasta los meses que asisten al control de crecimiento y desarrollo de la UBA Bosque de septiembre a octubre de 2011. Variables: epidemiológicas: edad materna, estado civil, último año de estudio aprobado, ocupación, paridad, tipo de parte, edad gestacional, peso al nacer, patologías de la madre y estado nutricional de la madre. Factores indicadores de la lactancia materna: tipo de lactancia y duración. Los factores demográficos, médicos y nutricionales no se asociaron con el tipo de lactancia materna pero existe la probabilidad con mayor frecuencia de que la madre lacte de forma exclusiva si es joven, casada y ama de casa. Además si la madre es primípara, tuvo parto vaginal y que sus hijos tuvieron peso normal al nacer teniendo en cuenta las razones para la suspensión de la lactancia materna exclusiva la principal razón fue la hipogalactia. Se concluye que las madres jóvenes, casadas, amas de casas, primíparas, que tienen sus hijos por parto vaginal con buen peso al nacer y con patologías no infectocontagiosas tienen más probabilidad de brindar lactancia materna exclusiva a sus hijos.
526 _aSEG44
526 _aSEG26
526 _aP151
526 _aP150
526 _aP149
526 _aP146
526 _aP145
526 _aP126
526 _aP125
526 _aP92
526 _aP75
526 _aP74
526 _aP27
526 _aP15
650 1 4 _aEpiodemiología
_xLactancia materna.
596 _a1
942 _2ddc
_cTESIS
999 _aSP 3 R34 2012
_wALPHANUM
_c8071
_iT01257
_lCCODEBUL3
_mBUL
_r1
_sY
_tTESIS
_u2015-12-2
_xPOSGRADO
_PP82
_o.STAFF. Tesis
_d8071
980 _81
_gALBERTO SANCHEZ Responsable de Automatización